000 005070000a22001930004500
001 003823
003 MACL
005 20150822131728.0
008 150822b xxu||||| |||| 00| 0 eng d
040 _aMACL
_cMACL
041 _aEnglish
082 _a630/DEB
100 _aDeb, Bimal J.
_96804
245 _aChanging Agricultural Scenario
_bNorth East India
_cBimal J. Deb
260 _aNew Delhi
_c2006
_bConcept Publishing company,
350 _a600
650 _aAgriculture
_96805
942 _k630
_cBK
_2ddc
999 _c15716
_d15716